Pokémon fusionnés avec Pikachu n°2 - Statistiques

Statistiques générales
  • Ce quiz a été pris 487 fois
  • Le résultat moyen est 10 sur 16
Statistiques - réponses
Par images Réponse % Correct
Bulbizarre
99%
Kyogre
90%
Dodrio
84%
Herbizarre
84%
Écrapince
76%
Tylton
76%
Otaquin
71%
Escroco
61%
Colhomard
58%
Aspicot
55%
Moumouflon
54%
Spododo
51%
Pitrouille
49%
Chrysapile
48%
Dratatin
44%
Ranboum
38%
Aucun quiz correspondant
Distribution des résultats
% des personnes avec chaque résultat
Percentile par nombre de réponses
Votre historique - résultats
Vous n’avez pas pris ce quiz